Sumer : (Registro nro. 13572)
[ vista simple ]
| 000 -LIDER | |
|---|---|
| fixed length control field | 00880nam a2200289 a 4500 |
| 001 - NÚMERO DE CONTROL | |
| Identificador de número de control | |
| 003 - IDENTIFICACDOR DE NÚMERO DE CONTROL | |
| control field | DO-SdBNP |
| 005 - DATE AND TIME OF LATEST TRANSACTION | |
| control field | 20210716101248.0 |
| 008 - ELEMENTOS DE LONGITUD FIJA | |
| fixed length control field | 150112s2014 dr 000 0 spa d |
| 020 ## - ISBN | |
| International Standard Book Number | 9789945412956 |
| 040 ## - FUENTE DE CATALOGACIÓN | |
| Agencia que crea de manera original el registro | BPMSU |
| Idioma de catalogación | spa |
| Agencia que realiza la transcripción | BPMSU |
| 082 ## - NÚMERO DE CLASIFICACIÓN DECIMAL DE DEWEY | |
| Classification number | RD861.44 |
| Item number | L864s 2013 |
| Edition number | 22 |
| 100 1# - ASIENTO PRINCIPAL -- NOMBRE PERSONAL | |
| Nombre personal | López Azuán, Virgilo |
| 245 10 - MENCIÓN DE TITULO | |
| Título | Sumer : |
| Subtítulo | poética de los números / |
| Mención de responsabilidad | Virgilo López Azuán. |
| 260 ## - PUBLICACIÓN, DISTRIBUCIÓN, ETC. (PIE DE IMPRENTA) | |
| Lugar de publicación, distribución, etc | Santo Domingo : |
| Nombre del editor, distribuidor, etc. | FUNGLODE, |
| Fecha de publicación, distribución, etc | 2014. |
| 300 ## - DESCRIPCIÓN FÍSICA | |
| Extensión | 175 p. ; |
| Dimensiones | 23 cm. |
| 490 0# - MENCIÓN DE SERIES | |
| Mención de serie | Premios; |
| 500 ## - NOTA GENERAL | |
| Nota general | Premio único |
| 586 ## - AWARDS NOTE | |
| Awards note | Premio Funglode de poesía Pedro Mir, 2013 |
| 590 ## - NOTA LOCAL | |
| Texto de la nota local | Inventariado, 2021VM |
| 650 #4 - ENCABEZAMIENTO DE MATERIA--TEMÁTICO | |
| Término temático o nombre geográfico como elemento de entrada | Poesía dominicana |
| Subdivisión de forma | Colecciones |
| 650 #4 - ENCABEZAMIENTO DE MATERIA--TEMÁTICO | |
| Término temático o nombre geográfico como elemento de entrada | Literatura dominicana |
| Subdivisión temática general | |
| 650 #4 - ENCABEZAMIENTO DE MATERIA--TEMÁTICO | |
| Término temático o nombre geográfico como elemento de entrada | Certamenes literarios |
| 710 2# - ASIENTO SECUNDARIO -- NOMBRE CORPORATIVO | |
| Nombre corporativo o de jurisdicción | Fundación Global Democracia y Desarrolo (República Dominicana) |
| 910 ## - VALIDACIÓN | |
| Validación | VMateo V |
| 942 ## - ADDED ENTRY ELEMENTS (KOHA) | |
| Source of classification or shelving scheme | Dewey Decimal Classification |
| Koha item type | Libros |
| Withdrawn status | Lost status | Source of classification or shelving scheme | Damaged status | Not for loan | Collection code | Home library | Current library | Date acquired | Total Checkouts | Full call number | Barcode | Date last seen | Price effective from | Koha item type |
|---|---|---|---|---|---|---|---|---|---|---|---|---|---|---|
| Dewey Decimal Classification | Colección Dominicana | Biblioteca Pública Metropolitana Salomé Ureña | Biblioteca Pública Metropolitana Salomé Ureña | 07/16/2021 | BPMSU CD RD861.44 L864s 2013 | BPMSU21070004 | 07/16/2021 | 07/16/2021 | Libros |